| 000 | 01036cad a22002055a 4500 | ||
|---|---|---|---|
| 001 | L157043 | ||
| 008 | 120817e2011 xxk 000 0 eng d | ||
| 035 | _a(Sirsi) u157043 | ||
| 041 | 0 | _aeng | |
| 245 | 0 | 0 |
_aJones v Kernott _h[electronic resource] |
| 260 | _c2011 | ||
| 520 | _a[2011] UKSC 53, 29 November 2011. Concerned with the determination of the beneficial interests in a house acquired in joint names by an unmarried couple as a family home. Held: appeal allowed. CA [2010] EWCA Civ 578 decision overturned, Country Court decision restored. Beneficial interest split 90/10 in favour of J due to K's lack of financial contributions since moving out. "Dowden v Stack" [2007] UKHL 17 considered. | ||
| 590 | _aKA | ||
| 650 | 2 | 4 | _aJONES V KERNOTT |
| 650 | 2 | 4 | _aSTACK V DOWDEN |
| 651 | 4 |
_aEngland and Wales _y1543- |
|
| 690 |
_aResidential property _96266 |
||
| 856 | 4 | 0 |
_uhttps://www.supremecourt.gov.uk/decided-cases/docs/UKSC_2010_0130_Judgment.pdf _zView the law report free of charge at www.supremecourt.gov.uk |
| 942 | _n0 | ||
| 999 |
_c84247 _d84247 |
||